UBT Library

Medical terminology : (Record no. 44234)

000 -LEADER
fixed length control field 00750pam a2200229 a 4500
001 - CONTROL NUMBER
control field 4033842
005 - DATE AND TIME OF LATEST TRANSACTION
control field 20180307031453.0
008 - FIXED-LENGTH DATA ELEMENTS--GENERAL INFORMATION
fixed length control field 980514s1999 nyua p 001 0 eng c
010 ## - LIBRARY OF CONGRESS CONTROL NUMBER
LC control number 98024810
020 ## - INTERNATIONAL STANDARD BOOK NUMBER
International Standard Book Number 0766800636
040 ## - CATALOGING SOURCE
Original cataloging agency DNLM/DLC
Transcribing agency DLC
Modifying agency DLC
041 ## - LANGUAGE CODE
Language code of text/sound track or separate title eng
060 10 - NATIONAL LIBRARY OF MEDICINE CALL NUMBER
Classification number W 18.2 S648m 1999
080 ## - UNIVERSAL DECIMAL CLASSIFICATION NUMBER
Universal Decimal Classification number 610.14 SMI
082 00 - DEWEY DECIMAL CLASSIFICATION NUMBER
Classification number 610.14 SMI
Edition number 21
100 1# - Rafti
Rafti 4
101 ## - Shkurtesa
Shkurtesa SHM
245 10 - TITLE STATEMENT
Title Medical terminology :
Statement of responsibility, etc Genevieve Love Smith, Phyllis E. Davis, Jean Tannis Dennerll.
906 ## - LOCAL DATA ELEMENT F, LDF (RLIN)
a 7
b cbc
c orignew
d 1
e ocip
f 19
g y-gencatlg
942 ## - ADDED ENTRY ELEMENTS (KOHA)
Source of classification or shelving scheme
Item type Books
Holdings
Withdrawn status Lost status Source of classification or shelving scheme Damaged status Not for loan Collection code Permanent location Current location Shelving location Date acquired Total Checkouts Full call number Barcode Date last seen Price effective from Koha item type
          Koleksioni i përgjithshem UBT - Lipjan UBT - Lipjan Koleksioni i përgjithshem 03/07/2018   610.14 SMI 002-3000997 03/07/2018 03/07/2018 Books
UBT Library © 2015-2024. All rights reserved University Education for Business and Technology